000 01133cam a22003613a 4500
001 13269359
003 OSt
005 20140310184412.0
008 020827s2002 nyu j 000 1 eng d
010 _a 2003586392
020 _a0439405068 (pbk.) :
035 _a(OCoLC)ocm50488325
040 _aOCO
_cOCO
_dDLC
042 _alccopycat
050 _aPZ 7
_b.K84e2 2002
100 1 _aKorman, Gordon.
245 1 4 _aThe climb /
_cGordon Korman.
260 _aNew York, NY :
_bScholastic Inc.,
_c2002
300 _a151 p. ;
_c20 cm.
490 0 _aEverest ;
_vbk. 2
500 _a"An Apple paperback."
521 _aG5
526 _c710
650 _aMountaineering
_xJuvenile Fiction
_926212
655 7 _aChildren's stories.
_2lcsh
_93012
655 7 _aAdventure fiction.
_2gsafd
_93061
710 2 _aCopyright Paperback Collection (Library of Congress)
_5DLC
_9705
856 4 2 _3Publisher description
_uhttp://www.loc.gov/catdir/description/schol051/2003586392.html
906 _a7
_bcbc
_ccopycat
_d2
_encip
_f20
_gy-genrareb
942 _2lcc
_cBK-SCHOLAS
999 _c34115
_d34115